| 000 | 00479nam a2200181Ia 4500 | ||
|---|---|---|---|
| 003 | GCL | ||
| 008 | 140319s9999 xx 000 0 eng d | ||
| 020 | _a0449206211 | ||
| 040 |
_aGCL / _cGCL |
||
| 082 | 0 | 4 |
_a823 _bT M |
| 100 | 1 | _aTRUMAN, MARGARET | |
| 245 | 1 | 0 |
_aMURDER ON EMBASSY ROW / _cTRUMAN, MARGARET |
| 260 |
_aنيويورك : _bFAWCETT CREST ، _c1992 |
||
| 300 |
_a18 CM ؛ _c344 P |
||
| 650 | 0 | 4 | _aAMERICAN FICTION |
| 650 | 0 | 4 | _aAMERICAN LITERATURE |
| 942 |
_2ddc _cBK |
||
| 999 |
_c4779 _d4779 |
||